| 000 | 00000nam##2200000za#4500 |
| 001 | 9.696139 |
| 003 | CaOODSP |
| 005 | 20210624234910 |
| 007 | cr ||||||||||| |
| 008 | 150407|2007||||xxc|||||o f|0| 0 eng|d |
| 040 | |aCaOODSP|beng |
| 043 | |an-cn--- |
| 086 | 1 |aFA3-45/2007E-PDF |
| 110 | 1 |aCanada. |bOffice of the Auditor General. |
| 245 | 10|aExamining public spending - estimates review : |h[electronic resource]|ba guide for parliamentarians |
| 260 | |aOttawa - Ontario : |bOffice of the Auditor General of Canada |cc2007. |
| 300 | |a52p.|bglossary, tables |
| 500 | |aThe catalogue number (FA3-45/2007E) and ISBN (978-0-662-45452-6) for the print edition have been incorrectly copied in this electronic publication. |
| 590 | |a12-20-Supp|b2012-05-09 |
| 690 | 07|aPublic expenditures|2gcpds |
| 775 | 08|tExamen des dépenses publiques : études du Budget des dépenses : |w(CaOODSP)9.640258 |
| 856 | 40|ahttp://publications.gc.ca|qPDF|s694 KB|uhttps://publications.gc.ca/collections/collection_2012/bvg-oag/FA3-45-2007-eng.pdf |